Employment status of rural to urban migrants in Pakistan/ (Record no. 331516)
[ view plain ]
| 000 -LEADER | |
|---|---|
| fixed length control field | 00579nam a22001937a 4500 |
| 003 - CONTROL NUMBER IDENTIFIER | |
| control field | NUST |
| 005 - DATE AND TIME OF LATEST TRANSACTION | |
| control field | 20250708104108.0 |
| 008 - FIXED-LENGTH DATA ELEMENTS--GENERAL INFORMATION | |
| fixed length control field | 171002b xxu||||| |||| 00| 0 eng d |
| 040 ## - CATALOGING SOURCE | |
| Transcribing agency | NUST |
| 082 ## - DEWEY DECIMAL CLASSIFICATION NUMBER | |
| Classification number | 200 |
| 100 ## - MAIN ENTRY--PERSONAL NAME | |
| Personal name | Adil,Sarah |
| 9 (RLIN) | 5148 |
| 245 ## - TITLE STATEMENT | |
| Title | Employment status of rural to urban migrants in Pakistan/ |
| Statement of responsibility, etc. | Sarah Adil, |
| 260 ## - PUBLICATION, DISTRIBUTION, ETC. | |
| Place of publication, distribution, etc. | Islamabad : |
| Date of publication, distribution, etc. | 2015. |
| Name of publisher, distributor, etc. | S3H NUST. |
| 300 ## - PHYSICAL DESCRIPTION | |
| Extent | 35p |
| 600 ## - SUBJECT ADDED ENTRY--PERSONAL NAME | |
| Personal name | Supervisor: Dr. Asma Hyder |
| 9 (RLIN) | 127868 |
| 700 ## - ADDED ENTRY--PERSONAL NAME | |
| Personal name | Supervisor: Dr. Asma Hyder |
| 9 (RLIN) | 127868 |
| 856 ## - ELECTRONIC LOCATION AND ACCESS | |
| Uniform Resource Identifier | <a href="http://10.250.8.41:8080/xmlui/handle/123456789/26581">http://10.250.8.41:8080/xmlui/handle/123456789/26581</a> |
| 942 ## - ADDED ENTRY ELEMENTS (KOHA) | |
| Source of classification or shelving scheme | |
| Koha item type | Soft Copy |
| Withdrawn status | Lost status | Source of classification or shelving scheme | Damaged status | Not for loan | Permanent Location | Current Location | Shelving location | Date acquired | Full call number | Barcode | Date last seen | Price effective from | Koha item type |
|---|---|---|---|---|---|---|---|---|---|---|---|---|---|
| Central Library (CL) | Central Library (CL) | Thesis | 02/19/2020 | 200 | CL-T-5168 | 02/19/2020 | 02/19/2020 | Soft Copy |
